Guess the Year From the Movies #4 - Statistics

General Stats
  • This quiz has been taken 159 times
  • The average score is 9 of 10
Answer Stats
Hint Answer % Correct
Toy Story / Pocahontas / Apollo 13 / Braveheart 1995
98%
Finding Dory / Rogue One: A Star Wars Story / Deadpool / La La Land 2016
98%
The Da Vinci Code / Casino Royale / Night at the Museum / The Last King of Scotland 2006
97%
Gladiator / Cast Away / X-Men / Meet the Parents 2000
95%
Chinatown / The Towering Inferno / Blazing Saddles / The Godfather Part II 1974
94%
Casablanca / Mrs. Miniver / Holiday Inn / Random Harvest 1942
91%
Aladdin / The Bodyguard / Scent of a Woman / A Few Good Men 1992
90%
Three Men and a Baby / Fatal Attraction / Good Morning, Vietnam / The Last Emperor 1987
86%
Lawrence of Arabia / To Kill a Mockingbird / The Longest Day / The Music Man 1962
81%
A Man for All Seasons / Grand Prix / Who's Afraid of Virginia Woolf? / Hawaii 1966
61%
No matching quizzes found
Score Distribution
Percent of People with Each Score
Percentile by Number Answered
Your Score History
You have not taken this quiz